Kanaklata Barua/ (Record no. 189208)

MARC details
000 -LEADER
fixed length control field 00531nam a22001817a 4500
005 - DATE AND TIME OF LATEST TRANSACTION
control field 20220622113744.0
010 ## - LCCN (DPL NO)
LC control number ENG-133307
020 ## - INTERNATIONAL STANDARD BOOK NUMBER
International Standard Book Number 9788123778198
Terms of availability 155.00
035 ## - SYSTEM CONTROL NUMBER
System control number EN-116839
037 ## - SOURCE OF ACQUISITION
Source of stock number/acquisition DBAD/PUB
082 ## - DEWEY DECIMAL CLASSIFICATION NUMBER
Classification number 920
100 ## - MAIN ENTRY--PERSONAL NAME
Personal name Bora, Shiela
245 ## - TITLE STATEMENT
Title Kanaklata Barua/
Statement of responsibility, etc Shiela Bora
260 ## - PUBLICATION, DISTRIBUTION, ETC. (IMPRINT)
Place of publication, distribution, etc New Delhi
Name of publisher, distributor, etc National Book Trust
Date of publication, distribution, etc 2016
270 ## - ADDRESS
City New Delhi
Address 5 Instituional Area, Phase-II, Vasant Kunj
Postal code 110070
300 ## - PHYSICAL DESCRIPTION
Extent xv, 100p.
Other physical details Appendix
Dimensions 19cm(pbk)
942 ## - ADDED ENTRY ELEMENTS (KOHA)
Source of classification or shelving scheme Dewey Decimal Classification
Item type English Books
Classification part 920
Call number suffix BOR
Holdings
Withdrawn status Lost status Not for loan Collection code Home library Current library Date acquired Source of acquisition Cost, normal purchase price Full call number Barcode Copy number Cost, replacement price Koha item type
    Not For Loan Non-fiction D.B.Act.Division Mobile Library 22/06/2022 DBAD/PUB 155.00 920 BOR EN-116839 1 155.00 English Books

© Delhi Public Library
Hit Counter
free hit counter